Dosavadní vývoj a tendence rozvoje sídel v ČSSR

Gespeichert in:
Bibliographische Detailangaben
1. Verfasser: Matoušek, Vladimír
Format: Buch
Sprache:Tschechisch
Veröffentlicht: Brno Výzkumný ústav výstavby a architektúry 1986
Ausgabe:1. vyd.
Tags: Tag hinzufügen
Keine Tags, Fügen Sie das erste Tag hinzu!

MARC

LEADER 00000nam a2200000 4500
001 c032190
005 20221220071340.9
041 0 |a cze 
044 |a CZ 
245 1 0 |a Dosavadní vývoj a tendence rozvoje sídel v ČSSR  |c Vladimír Matoušek a kol. 
250 |a 1. vyd. 
264 1 |a Brno  |b Výzkumný ústav výstavby a architektúry  |c 1986 
300 |a 2 zv. 
100 1 |a Matoušek, Vladimír